| 000 | 00981nam a2200301 a 4500 | ||
|---|---|---|---|
| 005 | 20241023063848.0 | ||
| 008 | 991125s1986 ag 000 0 spa u | ||
| 020 | _a9506021163 | ||
| 035 | _aUPN01000010066 | ||
| 040 |
_aUPN _bspa _cUPN |
||
| 049 | _aCG | ||
| 050 | 4 |
_aQP360 _bP5.38 |
|
| 100 | 1 |
_aPiaget, Jean, _d1896-1980 |
|
| 240 | 1 | 3 |
_aLe Comportement, moteur de l'évolution. _lEspañol |
| 245 | 1 | 3 |
_aEl comportamiento, motor de la evolución / _cJean Piaget ; tr. Inés Pardal. |
| 260 |
_aBuenos Aires : _bNueva Visión, _c1986. |
||
| 300 | _a125 p. | ||
| 440 | 0 | _aPsicología contemporánea | |
| 500 | _aTraducción de: Le Comportement, moteur de l'évolution. | ||
| 504 | _aIncluye referencias bibliográficas. | ||
| 650 | 4 |
_aConducta (Psicología) _94460 |
|
| 650 | 2 |
_aEvolución (Biología) _912397 |
|
| 650 | 2 |
_aEVOLUCION DE LA CONDUCTA _99930 |
|
| 650 | 4 |
_aPSICOBIOLOGIA _96590 |
|
| 700 | 1 |
_aPardal, Inés _943887 |
|
| 905 | _aLibro | ||
| 942 |
_2lcc _cLIBRO |
||
| 999 |
_c10066 _d10066 |
||